| 000 | 01079njm a22003017a 4500 | ||
|---|---|---|---|
| 005 | 20100901115333.0 | ||
| 006 | a|||||r|||||00| 0 | ||
| 007 | sd ammalaaahaa | ||
| 008 | 100901t xxu||||| |||| 00| 0 eng d | ||
| 028 |
_aS/33ECX. 3255 _bOdeon |
||
| 035 | _aGR-02354 | ||
| 040 |
_aSED _cSED |
||
| 100 |
_aBhosle, Asha _917891 |
||
| 245 |
_aKabhi Neki Bhi Uske Ji Men : _cby Asha Bhosle ; music by Jaidev ; lyrices by Jigar Moradabadi _h[Sound recording] _bGhalib / |
||
| 260 |
_aDUM DUM, India _bOdeon _c1971 |
||
| 300 |
_a1 Sound disc [Gramophone Recording] : _banalog, 33 1/3 rpm _c12 in. (LP) _fGramophone Record |
||
| 500 | _aBrief record | ||
| 500 | _aRecord Labels : Odeon,Black | ||
| 505 | _aSide-2 (Aali re mere naina baan par) (Meera Bhajan) (Asha Bhosle) | ||
| 600 |
_aBhosle, Asha _91184 |
||
| 650 |
_aBhajans _920050 _xExcerpts _zIndia |
||
| 650 |
_aGeets _920064 |
||
| 650 | _920053 | ||
| 700 |
_aJaidev _920035 |
||
| 700 |
_aJigar Moradabadi _920048 |
||
| 942 |
_2ddc _cGR |
||
| 999 |
_c45788 _d45788 |
||